2016 Democratic Candidates - Statistics

General Stats
  • This quiz has been taken 26 times
  • The average score is 3 of 5
Answer Stats
Home State Name of Candidate % Correct
Vermont Bernie Sanders
100%
New York Hillary Clinton
100%
Maryland Martin O'Malley
48%
Rhode Island Lincoln Chafee
33%
Virginia Jim Webb
29%
No matching quizzes found
Score Distribution
Percent of People with Each Score
Percentile by Number Answered
Your Score History
You have not taken this quiz